Où est passé le bien commun ?, par François Flahault (Mille et une nuits, 2011, 252 p.). Le sacrifice inutile. Essai sur la violence politique, par Paul Dumouchel (Flammarion, 2011, 323 p.) (notice n° 1630335)

détails MARC
000 -LEADER
fixed length control field 01982cam a2200169 4500500
005 - DATE AND TIME OF LATEST TRANSACTION
control field 20260111103345.0
041 ## - LANGUAGE CODE
Language code of text/sound track or separate title fre
042 ## - AUTHENTICATION CODE
Authentication code dc
100 10 - MAIN ENTRY--PERSONAL NAME
Personal name Marmet, Carole
Relator term author
245 00 - TITLE STATEMENT
Title Où est passé le bien commun ?, par François Flahault (Mille et une nuits, 2011, 252 p.). Le sacrifice inutile. Essai sur la violence politique, par Paul Dumouchel (Flammarion, 2011, 323 p.)
260 ## - PUBLICATION, DISTRIBUTION, ETC.
Date of publication, distribution, etc. 2012.<br/>
500 ## - GENERAL NOTE
General note 52
520 ## - SUMMARY, ETC.
Summary, etc. RésuméEn qualité d’éducateur, on peut être surpris par la popularité dont a bénéficié le film Scarface de Brian De Palma auprès de certains jeunes, notamment ceux habitant des espaces paupérisés. Le personnage principal « Tony Montana », joué par Al Pacino est souvent sublimé par ces derniers, jusqu’à être érigé en modèle de réussite.Ce texte a pour ambition de mettre en parallèle une fiction cinématographique et le quotidien d’un « jeune banlieusard » pris dans l’étau de la consommation de produits. Le jeune Ali habite en effet son héros avec démesure, jusqu’à en légitimer son addiction et se retrouver sur le ban(c) de la cité.
520 ## - SUMMARY, ETC.
Summary, etc. Chronicle of a youngster who took himself for ScarfaceAs an educator, one can be surprised by the popularity that Brian de Palma’s film Scarface reached among certain youngsters, namely those living in poor places. The main character, « Tony Montana », played by Al Pacino, is often sublimated by them, to the point of being turned into a model of success.This text aims at drawing a parallel between a cinematographic fiction and the daily life of a « suburban youngster » trapped in the spiral of substance abuse. The young Ali lives his hero to the extreme of legitimizing his addiction and finding himself (dis)placed on the community bench.
786 0# - DATA SOURCE ENTRY
Note Le Sociographe | 39 | 3 | 2012-09-01 | p. 130e-134e | 1297-6628
856 41 - ELECTRONIC LOCATION AND ACCESS
Uniform Resource Identifier <a href="https://shs.cairn.info/revue-le-sociographe-2012-3-page-130e?lang=fr&redirect-ssocas=7080">https://shs.cairn.info/revue-le-sociographe-2012-3-page-130e?lang=fr&redirect-ssocas=7080</a>

Pas d'exemplaire disponible.

PLUDOC

PLUDOC est la plateforme unique et centralisée de gestion des bibliothèques physiques et numériques de Guinée administré par le CEDUST. Elle est la plus grande base de données de ressources documentaires pour les Étudiants, Enseignants chercheurs et Chercheurs de Guinée.

Adresse

627 919 101/664 919 101

25 boulevard du commerce
Kaloum, Conakry, Guinée

Réseaux sociaux

Powered by Netsen Group @ 2025